000 00663nam a2200157 a 4500
008 170329s2013 ||||||||||||||||| || u
020 _a9789350906361
050 _aRD 599.T46 Kap
100 _aKapre, Madan
245 1 0 _aAtlas of thyroid surgery
_cBy Madan Kapre, Devendra Mahore [and] Ashutosh Mangalgiri
260 _aNew Delhi:
_bJaypee Brothers Medical publishers
_c2013
300 _axviii, 148p.: ill.
350 _a90.00
650 _aTHYROID GLAND--SURGERY--ATLASES
995 _aMEDICAL LIBRARY OPEN ACCESS
_e903829
_FCBU-SCHOOL OF MEDICINE LIBRARY (Ndola)
_I90.00
_jRD 599.T46 Kap
_M1
_UAVAILABLE
_WMar 29, 2017
_y903829
_ZMedical Library Open Access Collection
999 _c30805
_d30805